| 000 | 00497nam a2200169Ia 4500 | ||
|---|---|---|---|
| 008 | 140529s9999 xx 000 0 und d | ||
| 020 | _a9789381460269 | ||
| 050 |
_aTX 911.3.M27 _b.P887 2012 |
||
| 100 | _aPratap, Shikha. | ||
| 245 |
_aHospitality property management / _cShikha Pratap |
||
| 260 |
_aNew Delhi : _bCentrum Press, _cc2012. |
||
| 300 |
_a264 p. ; _c23 cm. |
||
| 500 | _aIncludes bibliographical references and index. | ||
| 521 | _aBSBA | ||
| 942 |
_kFOR _cBK |
||
| 999 |
_c117677 _d117677 |
||